Statistics for Alphabetically Rearranged European Country Names

Click here to take the quiz!

General Stats

  • This quiz has been taken 33 times
    (29 since last reset)
  • The average score is 20 of 45

Answer Stats

Rearranged Country Name% Correct
Ainps
77%
Airssu
77%
Acefnr
73%
Aalmt
68%
Adfilnn
68%
Aeinost
68%
Anorwy
68%
Deensw
68%
Aadnorr
64%
Aailtv
64%
Adeilnr
64%
Begilmu
64%
Abeirs
59%
Acdeiln
59%
Ailty
59%
Aaciort
55%
Acmnoo
55%
Aegmnry
55%
Ceeegr
55%
Kooosv
55%
Aairstu
50%
Adlnop
50%
Agloprtu
45%
Aaabiln
41%
Aabgilru
41%
Abelrsu
41%
Adekmnr
41%
Adlmoov
41%
Aahiilntu
36%
Adeehlnnrst
32%
Aeiknru
32%
Aghnruy
32%
Aaiklosv
27%
Aai Mnnors
27%
Eegmnnoort
27%
Aacdeimno
23%
Aaimnor
23%
Aeilnosv
23%
Adeilnrstwz
18%
Aacciin Ttvy
14%
Beglmoruux
14%
Ddegii Kmnnotu
14%
Bccce Ehilpruz
9%
Ceeehiilnnstt
9%
Aaabde Egh Iinnnoorsvz
5%

Score Distribution

Percentile by Number Answered

Percent of People with Each Score

Your Score History

You have not taken this quiz since the last reset